00239nam a2200085Ia 4500008004100000100002000041245005300061260003000114260000900144170620s9999 xx 000 0 und d aAggarwal- J. C. 0aEducational Technology Management and Evaluation bAgra- Vinod Pustak Mandir c2004